| 000 | 01111nam a2200265 u 4500 | ||
|---|---|---|---|
| 001 | 000611994 | ||
| 003 | AM-YeHGA | ||
| 005 | 20250618073038.0 | ||
| 008 | 081205s2007 ||| r 000 0 rus d | ||
| 020 | _z978-5-8183-1235-4 | ||
| 040 | _aAM-YeHGA | ||
| 041 | 0 | _arus | |
| 100 | 1 | _aДрешер, Юлия Николаевна | |
| 245 | 1 | 0 |
_aБиблиотерапия: Полный курс : _bУчебное пособие / _cЮ.Н. Дрешер. |
| 260 |
_aМосква : _bФаир, _c2007. |
||
| 300 |
_a559 с. : _bил., табл. |
||
| 440 | 0 | _aСпециальный издательский проект для библиотек | |
| 504 | _aБиблиогр.: с. 525-559 | ||
| 650 | 1 | 4 |
_aКультура. _95174 |
| 650 | 1 | 4 | _aНаука |
| 650 | 1 | 4 |
_aКультура _95174 |
| 650 | 1 | 4 | _aБиблиотечное дело |
| 650 | 1 | 4 |
_aБиблиотековедение _xРабота с читателями _xОрганизация обслуживания читателей _vУчебник для высшей школы _zРоссийская Федерация |
| 090 | _c206489 | ||
| 999 |
_c204993 _d204993 |
||